Hankook looks to keep momentum going (Record no. 60218)

MARC details
000 -LEADER
fixed length control field 00269nam a2200109Ia 4500
245 #0 - TITLE STATEMENT
Title Hankook looks to keep momentum going
260 ## - PUBLICATION, DISTRIBUTION, ETC. (IMPRINT)
Name of publisher The Rubber International
Year of publication 2013
300 ## - PHYSICAL DESCRIPTION
Number of Pages 63
650 ## - SUBJECT ADDED ENTRY--TOPICAL TERM
Topical Term Rubber
942 ## - ADDED ENTRY ELEMENTS (KOHA)
Koha item type Journals
Holdings
Withdrawn status Lost status Damaged status Not for loan Home library Current library Shelving location Date acquired Serial Enumeration / chronology Koha item type
      Journals RRII Library RRII Library Rubber technology 07/10/2013 Volume 15, Issue 4 Journals